01592nam a2200277 a 4500001001000000005001700010008004100027041000800068044000700076084001900083100004500102245009500147260003800242300002200280500030000302500025100602500010300853500001100956650005200967650005601019650003401075650004501109700004901154700006001203740005101263BRCA_247020190320203826.0201108s1833----mx-a---###---#000-0#spa-u aspa amx a111b.A74 18331 aCervantes Saavedra, Miguel ded1547-161610aEl Ingenioso Hidalgo Don Quijote de la Manchaccompuesto por Miguel de Cervantes Saavedra. aMéxicobMariano Arévaloc1833 a5 v.bil.c16 cm. aContenido : v 1. Primera parte. Retrato de Cervantes. Análisis del Quijote por V. de los Ríos. Dedicatoria del autor. Prólogo del autor. Versos preliminares. Texto. -- v 2. Texto. -- v 3. Texto. Segunda parte. Dedicatoria del autor. Prólogo del autor. Texto. -- v 4. Texto. -- v 5. Texto aEdición : Primera edición mejicana conforme a la de la Real Academia Española, hecha en Madrid en 1782. Además del análisis de dicha Academia, se han añadido las notas críticas y curiosas del señor Pellicer, con hermosas láminas aEdición enteramente igual a la anterior (110). Ejemplar desgastado y maltratado Lúdovik Osterc aQMB10814aNovela españolayÉpoca clásica, 1500-170014aLiteratura españolayÉpoca clásica, 1500-170014aNovela españolaySiglo XVII14aDon Quijote (Personaje ficticio)eNovela1 aRío, Vicente de losd1732-1779eBiógrafo1 aPellicer y Pilares, Juan Antoniod1738-1806eBiógrafo0 aEl Ingenioso Hidalgon Don Quijote de la Mancha